000 00691nam a2200205 a 4500
020 _a9780764179358
022 _a0764179357
082 _a428.1076
_bLOU
_cL-01, P-146
100 _aBarron
_938862
245 1 _aIELTS:
_bInternational English Language Testing System /
_cBarron
250 _aLin Lougheed
260 _aLahore: Jahangir Books,
_bJahangir Books Depot,
_c2010.
300 _av, 346 p. :
526 _a0
_b0
_c0
_d428_107600000000000_LOU
650 _aEnglish Language -- Textbooks for foreign Speakers.
_938863
650 _aInternational English Language Testing System -- Study Guide.
_938864
650 _aNUST.
_96342
700 _aLin Lougheed
_99663
942 _2ddc
_cBK
999 _c543485
_d543485